书目信息 |
| 题名: |
体验空间
|
|
| 作者: | 萧爱华 著 | |
| 分册: | 花样年华50年 | |
| 出版信息: | 沈阳 辽宁科学技术出版社 2011.07 |
|
| 页数: | 419页 | |
| 开本: | 290cm | |
| 丛书名: | ||
| 单 册: | ||
| 中图分类: | TS664.01 | |
| 科图分类: | ||
| 主题词: | 木制品 | |
| 电子资源: | ||
| ISBN: | 978-7-5381-7004-7 | |
| 000 | 00614nam0 2200205 450 | |
| 001 | 1259324609 | |
| 005 | 20120211163206.56 | |
| 010 | @a978-7-5381-7004-7@dCNY728.00 | |
| 100 | @a20120211d2011 km y0chiy0120 ea | |
| 101 | 0 | @achi |
| 102 | @aCN@b210000 | |
| 200 | 1 | @a体验空间@i花样年华50年@f萧爱华著@Fxiao ai hua zhu |
| 210 | @a沈阳@c辽宁科学技术出版社@d2011.07 | |
| 215 | @a419页@d290cm | |
| 517 | 1 | @a花样年华50年@Ahua yang nian hua 50 nian |
| 606 | 0 | @a木制品 |
| 690 | @aTS664.01@v4 | |
| 701 | 0 | @a萧爱华@Axiao ai hua@4著 |
| 801 | 0 | @aCN@b大连网信软件有限公司图书馆·11@c20120211 |
| 905 | @aZUCC@dTS664.01@eX301 | |
| 体验空间.花样年华50年/萧爱华著.-沈阳:辽宁科学技术出版社,2011.07 |
| 419页;290cm |
| ISBN 978-7-5381-7004-7:CNY728.00 |
| ● |
| 相关链接 |
|
|
|
正题名:体验空间
索取号:TS664.01/X301
 
预约/预借
| 序号 | 登录号 | 条形码 | 馆藏地/架位号 | 状态 | 备注 |
| 1 | 483514 | 204835143 | 自科库501/501自科库 43排4列5层/ [索取号:TS664.01/X301] | 在馆 |